| 000 | 00622cab a2200205 4500 | ||
|---|---|---|---|
| 001 | WB3226-10 | ||
| 008 | 090401t1996 xxu||||| |||| 00| 0 eng d | ||
| 035 | _a(Sirsi) u44779 | ||
| 041 | _aeng | ||
| 245 | _aRetail villages | ||
| 260 | _c1996 | ||
| 350 | _a0 | ||
| 490 |
_aIndependent _v4 July 1996, 23(1) |
||
| 520 | _aConsiders the effect that retail villages have on high street sales as BAA McArthur Glen plans 4 new factory shopping centres. | ||
| 650 | _aFACTORY SHOPPING CENTRES | ||
| 650 | _aRETAIL VILLAGES | ||
| 690 | _aPROPERTY-COMMERCIAL PROPERTY-RETAIL PROPERTY | ||
| 942 | _n0 | ||
| 948 | _c04/03/1997 | ||
| 999 |
_c28454 _d28454 |
||